| 000 | 00478nam a2200157Ia 4500 | ||
|---|---|---|---|
| 008 | 231221s9999 xx 000 0 und d | ||
| 020 | _a9790000000000 | ||
| 041 | _aEnglish | ||
| 100 | _aGupta, Viksa. Kogent solutions inc. | ||
| 245 | 0 | _aComdex : computer and financial accounting with tally 9.0 course kit | |
| 260 |
_c2008 _bDreamtech Press _aNew Delhi |
||
| 300 | _axvi,768 | ||
| 300 | _c58964 | ||
| 650 | _aComdex,computer,financial,accounting,tally,9.0 | ||
| 942 | _cCD | ||
| 999 |
_c210928 _d210928 |
||